书目信息 |
| 题名: |
节水灌溉工程
|
|
| 作者: | 郭宗楼 主编 | |
| 分册: | ||
| 出版信息: | 杭州 浙江大学出版社 2008.03 |
|
| 页数: | 288页 | |
| 开本: | 26cm | |
| 丛书名: | ||
| 单 册: | ||
| 中图分类: | S275 | |
| 科图分类: | ||
| 主题词: | 节约用水--jie yue yong shui--灌溉 | |
| 电子资源: | ||
| ISBN: | 978-7-308-05779-0 | |
| 000 | 00827nam0 2200253 450 | |
| 001 | 012009500905 | |
| 005 | 20090503090218.37 | |
| 010 | @a978-7-308-05779-0@dCNY30.00 | |
| 100 | @a20090503d2008 em y0chi0120 ea | |
| 101 | 0 | @achi |
| 102 | @aCN@b330000 | |
| 105 | @aa a 000yy | |
| 106 | @ar | |
| 200 | 1 | @a节水灌溉工程@Ajie shui guan gai gong cheng@f郭宗楼主编@Fguo zong lou zhu bian |
| 210 | @a杭州@c浙江大学出版社@d2008.03 | |
| 215 | @a288页@c图@d26cm | |
| 300 | @a浙江省高等教育重点建设教材 | |
| 320 | @a有书目 (第288页) | |
| 330 | @a本书内容包括:绪论,水资源的合理开发利用技术,节水灌溉工程技术,节水农业技术,节水灌溉管理技术。 | |
| 606 | 0 | @a节约用水@Ajie yue yong shui@x灌溉 |
| 690 | @aS275@v4 | |
| 701 | 0 | @a郭宗楼@Aguo zong lou@4主编 |
| 801 | 0 | @aCN@bQSSK@c20090503 |
| 905 | @b741948-50@dS275@eG873@f3 | |
| 节水灌溉工程/郭宗楼主编.-杭州:浙江大学出版社,2008.03 |
| 288页:图;26cm |
| 浙江省高等教育重点建设教材 |
| ISBN 978-7-308-05779-0:CNY30.00 |
| 本书内容包括:绪论,水资源的合理开发利用技术,节水灌溉工程技术,节水农业技术,节水灌溉管理技术。 |
| ● |
| 相关链接 |
|
|
|
正题名:节水灌溉工程
索取号:S275/G873
 
预约/预借
| 序号 | 登录号 | 条形码 | 馆藏地/架位号 | 状态 | 备注 |
| 1 | 741948 | 207419480 | 自科库401/401自科库 67排1列3层/ [索取号:S275/G873] | 在馆 | |
| 2 | 741949 | 207419499 | 自科库401/401自科库 67排1列3层/ [索取号:S275/G873] | 在馆 | |
| 3 | 741950 | 207419505 | 自科库401/401自科库 67排1列3层/ [索取号:S275/G873] | 在馆 |